Geography Quiz

Random Geography or City Quiz

State where the major US city is located Quiz Stats

 Plays Quiz not verified by Sporcle

Score 0/60 Timer 05:00
0 Plays Today
City State % Correct
????
100%
????
99.8%
????
99.6%
????
99.1%
????
98.6%
????
95.6%
????
95.2%
????
93.9%
????
93.9%
????
85.9%
????
85.8%
????
85.7%
????
85.2%
????
85.1%
????
84.5%
????
84.4%
????
83.5%
????
83.3%
????
83.3%
????
82.3%
????
80.1%
????
80%
????
78.9%
????
78.9%
????
78.4%
????
77.3%
????
77.2%
????
77.2%
????
76.6%
????
76.2%
City State % Correct
????
74.9%
????
74.8%
????
74.3%
????
73.6%
????
73.3%
????
73.1%
????
72.1%
????
70.8%
????
69.9%
????
69.8%
????
68.8%
????
68%
????
68%
????
67.6%
????
67.3%
????
67.1%
????
65.9%
????
65.6%
????
64.7%
????
64.6%
????
63.8%
????
63.1%
????
62.9%
????
62.9%
????
62.2%
????
49.4%
????
48.7%
????
47%
????
45.8%
????
45%

You're not logged in!

Compare scores with friends on all Sporcle quizzes.
OR
Log In

Show Comments

Extras

Top Quizzes Today


Score Distribution

Your Account Isn't Verified!

In order to create a playlist on Sporcle, you need to verify the email address you used during registration. Go to your Sporcle Settings to finish the process.

Report this User

Report this user for behavior that violates our Community Guidelines.

Details: